Clueless Countries Quiz Stats

 Plays Quiz Updated Aug 26, 2015

Challenge
Share
Tweet
Embed
Score 0/39 Timer 07:00
3 Plays Today
% Correct
JAPAN
80.2%
SPAIN
76.2%
INDIA
71.3%
NORWAY
68.5%
IRAQ
68%
IRAN
67.9%
AFGHANISTAN
57.6%
OMAN
57.3%
PAKISTAN
57.3%
FIJI
51.6%
ANDORRA
51.2%
PANAMA
50.6%
HAITI
50.2%
KAZAKHSTAN
49.6%
JORDAN
48.8%
TOGO
48.2%
GHANA
47.4%
QATAR
45.8%
SYRIA
44.5%
KYRGYZSTAN
41.9%
% Correct
TAJIKISTAN
41.6%
ROMANIA
41.3%
ZAMBIA
41.3%
BAHAMAS
41.3%
RWANDA
40.2%
BAHRAIN
37.4%
TAIWAN
36.6%
KOSOVO
36.4%
TONGA
35.6%
NAMIBIA
34.9%
SAN MARINO
34.2%
SAMOA
33.5%
BARBADOS
32.6%
KIRIBATI
32.6%
MYANMAR
32.5%
GABON
32.2%
TANZANIA
32.1%
BOTSWANA
31.7%
TRINIDAD AND TOBAGO
25.6%

You're not logged in!

Compare scores with friends on all Sporcle quizzes.
OR
Log In

You Might Also Like...

Show Comments

Extras

Top Quizzes Today


Score Distribution

Your Account Isn't Verified!

In order to create a playlist on Sporcle, you need to verify the email address you used during registration. Go to your Sporcle Settings to finish the process.

Report this User

Report this user for behavior that violates our Community Guidelines.

Details: